| 000 | 01580cam a2200409 a 4500 | ||
|---|---|---|---|
| 001 | 16189987 | ||
| 003 | OSt | ||
| 005 | 20240404143902.0 | ||
| 008 | 100416s2009 enkab b 001 0 eng d | ||
| 010 | _a 2010292769 | ||
| 015 |
_aGBA971526 _2bnb |
||
| 016 | 7 |
_a015331702 _2Uk |
|
| 020 | _a9780745644943 | ||
| 020 | _a9780745644950 (pbk.) | ||
| 035 | _a(OCoLC)ocn427611115 | ||
| 040 |
_aUKM _cUKM _dSINLB _dYDXCP _dC#P _dDLC |
||
| 042 | _alccopycat | ||
| 050 | 0 | 0 |
_aP90 _b.B695 2009 |
| 082 | 0 | 4 |
_a302.2308 _222 _bBRI |
| 100 | 1 |
_aBriggs, Asa, _d1921- _9122282 |
|
| 245 | 1 | 2 |
_aA social history of the media : _bfrom Gutenberg to the Internet / _cAsa Briggs and Peter Burke. |
| 250 | _a3rd ed. | ||
| 260 |
_aCambridge, UK ; _aMalden, MA : _bPolity, _c2009. |
||
| 300 |
_aviii, 346 p. : _bill., map ; _c25 cm. |
||
| 500 | _aPrevious ed.: 2005. | ||
| 504 | _aIncludes bibliographical references (p. 315-330) and index. | ||
| 650 | 0 |
_aMass media _xHistory. _9122283 |
|
| 650 | 0 |
_aMass media _xSocial aspects. _9119420 |
|
| 650 | 0 |
_aMass media _xEconomic aspects. _91588 |
|
| 700 | 1 |
_aBurke, Peter, _d1937- _9122284 |
|
| 856 | 4 | 2 |
_3Contributor biographical information _uhttp://www.loc.gov/catdir/enhancements/fy1008/2010292769-b.html |
| 856 | 4 | 2 |
_3Publisher description _uhttp://www.loc.gov/catdir/enhancements/fy1008/2010292769-d.html |
| 856 | 4 | 1 |
_3Table of contents only _uhttp://www.loc.gov/catdir/enhancements/fy1008/2010292769-t.html |
| 906 |
_a7 _bcbc _ccopycat _d2 _encip _f20 _gy-gencatlg |
||
| 942 |
_2ddc _cBK |
||
| 999 |
_c2808 _d2808 |
||